[Event "DEM U12/U12w 2013"]
[Site "Oberhof GER"]
[Date "2013.05.25"]
[Round "11"]
[White "Kölz, Niklas"]
[Black "Birg, Raphael"]
[Result "1/2-1/2"]
[Termination "normal"]
[Board "13"]
[WhiteElo "1629"]
[BlackElo "1542"]
[PlyCount "99"]
[WhiteFideId "12971758"]
[BlackFideId "12971774"]
[EventCountry "GER"]
[EventRounds "11"]
[EventType "swiss"]
[EventDate "2013.05.18"]

1. e4 e5 2. Nf3 Nc6 3. Bb5 a6 4. Ba4 b5 5. Bb3 Nf6 6. O-O Bc5 7. c3 O-O 8. d4
exd4 9. cxd4 Bb6 10. d5 Na5 11. Bg5 Nxb3 12. Qxb3 d6 13. Re1 Re8 14. Qc3 Bg4
15. Nbd2 h6 16. Bxf6 Qxf6 17. Qxf6 gxf6 18. h3 Bh5 19. Nh4 Ba5 20. g4 Bxd2 21.
Re2 Bg5 22. Ng2 Bg6 23. h4 Rxe4 24. Rxe4 Bxe4 25. hxg5 fxg5 26. Ne3 Re8 27. Rc1
Re7 28. Rc6 a5 29. Kh2 Kg7 30. a3 Kf6 31. Rc1 Kg6 32. Kg3 f5 33. gxf5+ Bxf5 34.
Rc3 a4 35. b3 h5 36. bxa4 h4+ 37. Kh2 bxa4 38. Rc4 Rf7 39. Kg1 Kf6 40. Rxa4 Ke5
41. Rc4 Be4 42. Rb4 Bxd5 43. Ng4+ Ke6 44. Ne3 c5 45. Rg4 Rg7 46. Nxd5 Kxd5 47.
f4 c4 48. fxg5 c3 49. Kf2 h3 50. Ke2 1/2-1/2

[Event "DEM U12/U12w 2013"]
[Site "Oberhof GER"]
[Date "2013.05.25"]
[Round "11"]
[White "Meyling, Lennart"]
[Black "Weber, Samuel"]
[Result "1-0"]
[Termination "normal"]
[Board "14"]
[WhiteElo "1628"]
[BlackElo "1703"]
[PlyCount "61"]
[WhiteFideId "12947130"]
[BlackFideId "12924008"]
[EventCountry "GER"]
[EventRounds "11"]
[EventType "swiss"]
[EventDate "2013.05.18"]

1. e4 d5 2. exd5 Qxd5 3. Nf3 Qa5 4. Bc4 Bf5 5. O-O Nf6 6. Nd4 Bg4 7. f3 Qc5 8.
c3 Bd7 9. Qb3 Nc6 10. Bxf7+ Kd8 11. Kh1 Nxd4 12. cxd4 Qxd4 13. Qxb7 Rc8 14. Nc3
e6 15. Ne4 g6 16. Ng5 Ke7 17. Bxe6 Bh6 18. Bxd7 Kxd7 19. Ne4 Nxe4 20. Qxe4 Qxe4
21. fxe4 Rhf8 22. Re1 Rf2 23. b3 Bg7 24. d4 Re8 25. Be3 Rc2 26. e5 c5 27. h3
cxd4 28. Bxd4 Ke6 29. Bxa7 Bxe5 30. Rxe5+ Kxe5 31. Re1+ 1-0

[Event "DEM U12/U12w 2013"]
[Site "Oberhof GER"]
[Date "2013.05.25"]
[Round "11"]
[White "Riedel, Erich"]
[Black "Zienert, Richard"]
[Result "1/2-1/2"]
[Termination "normal"]
[Board "15"]
[WhiteElo "1767"]
[BlackElo "1846"]
[PlyCount "44"]
[WhiteFideId "12958646"]
[BlackFideId "12945986"]
[EventCountry "GER"]
[EventRounds "11"]
[EventType "swiss"]
[EventDate "2013.05.18"]

1. e4 c5 2. Nf3 d6 3. d4 cxd4 4. Nxd4 Nf6 5. Nc3 a6 6. f4 e6 7. Be3 b5 8. Qf3
Bb7 9. Bd3 Nbd7 10. g4 Nc5 11. g5 Nfd7 12. O-O-O Qa5 13. Kb1 Na4 14. Nce2 Qc7
15. Rhf1 Ndb6 16. f5 e5 17. Nb3 Nc4 18. Bc1 a5 19. g6 hxg6 20. fxg6 f6 21. Rf2
Bc8 22. Ng3 Nab6 1/2-1/2

[Event "DEM U12/U12w 2013"]
[Site "Oberhof GER"]
[Date "2013.05.25"]
[Round "11"]
[White "Weller, Uli"]
[Black "Wierzbicki, Jirawat"]
[Result "1/2-1/2"]
[Termination "normal"]
[Board "16"]
[WhiteElo "1501"]
[BlackElo "1704"]
[PlyCount "93"]
[WhiteFideId "12971782"]
[BlackFideId "1153579"]
[EventCountry "GER"]
[EventRounds "11"]
[EventType "swiss"]
[EventDate "2013.05.18"]

1. e4 e5 2. Nf3 Nc6 3. d4 exd4 4. Bc4 Nf6 5. e5 d5 6. Bb5 Ne4 7. Nxd4 Bd7 8.
Bxc6 bxc6 9. O-O Bc5 10. c3 O-O 11. f3 Ng5 12. f4 Ne6 13. f5 Ng5 14. Qh5 Ne4
15. f6 gxf6 16. exf6 Re8 17. Nd2 Bf8 18. Nxe4 Rxe4 19. Bh6 Bxh6 20. Qxh6 Rg4
21. Rf4 Rg6 22. Qh4 Qf8 23. Nf5 Bxf5 24. Rxf5 Rb8 25. Rh5 h6 26. Qf2 Qd6 27.
Rf5 Re8 28. Rf1 a5 29. h4 Kh7 30. Qf4 Reg8 31. Rf2 Qxf4 32. R5xf4 Rg4 33. a4
Rg3 34. Kh2 R8g4 35. h5 Rxf4 36. Rxf4 Rg5 37. g4 Re5 38. b4 axb4 39. cxb4 Re2+
40. Kg3 Ra2 41. a5 Ra4 42. Kh4 c5 43. Rf5 cxb4 44. Rxd5 c6 45. Rc5 b3 46. Rxc6
Rxa5 47. Rb6 1/2-1/2

[Event "DEM U12/U12w 2013"]
[Site "Oberhof GER"]
[Date "2013.05.25"]
[Round "11"]
[White "Rosenhain, Rachela"]
[Black "Wiesner, Alexander"]
[Result "1-0"]
[Termination "normal"]
[Board "17"]
[WhiteElo "1335"]
[BlackElo "1658"]
[PlyCount "127"]
[WhiteFideId "12957615"]
[BlackFideId "12943991"]
[EventCountry "GER"]
[EventRounds "11"]
[EventType "swiss"]
[EventDate "2013.05.18"]

1. e4 c5 2. Nf3 Nc6 3. d4 cxd4 4. Nxd4 Nf6 5. Nc3 e5 6. Ndb5 d6 7. Nd5 Nxd5 8.
exd5 Nb8 9. c4 a6 10. Nc3 Be7 11. Bd3 O-O 12. O-O f5 13. Be3 Bg5 14. Rb1 Nd7
15. Bxg5 Qxg5 16. f3 Nc5 17. Re1 Nd7 18. b4 Qe7 19. Qc2 Nb6 20. Na4 Nxa4 21.
Qxa4 Bd7 22. Qb3 Kh8 23. Rbc1 Rac8 24. Qc3 a5 25. bxa5 Rc5 26. Rb1 Bc8 27. Rb5
Qc7 28. Reb1 Rf7 29. Kh1 Re7 30. Rxc5 dxc5 31. Rb6 Qd7 32. d6 Re6 33. g4 Rxd6
34. Rxd6 Qxd6 35. gxf5 Qd4 36. Qxd4 exd4 37. Be4 Kg8 38. Kg2 Kf7 39. Kg3 Kf6
40. Kf4 g5+ 41. fxg6 hxg6 42. h4 Kg7 43. Ke5 Bf5 44. Bxb7 d3 45. Bc6 Bh3 46.
Ke4 d2 47. Ba4 Bf1 48. Ke3 Bxc4 49. Kxd2 Bxa2 50. a6 Bd5 51. f4 Kf6 52. Bd7 Ke7
53. Bc8 Kd8 54. Bg4 Kc7 55. Kc3 Kb6 56. Be2 Be4 57. Kc4 Bc6 58. a7 Kxa7 59.
Kxc5 Be4 60. Kd4 Bf5 61. Bd3 Bxd3 62. Kxd3 Kb7 63. Ke4 Kc7 64. Ke5 1-0

[Event "DEM U12/U12w 2013"]
[Site "Oberhof GER"]
[Date "2013.05.25"]
[Round "11"]
[White "Biastoch, Bennet"]
[Black "Schirra, Maurice"]
[Result "0-1"]
[Termination "normal"]
[Board "18"]
[WhiteElo "1676"]
[BlackElo "1656"]
[PlyCount "122"]
[WhiteFideId "12939889"]
[BlackFideId "12941115"]
[EventCountry "GER"]
[EventRounds "11"]
[EventType "swiss"]
[EventDate "2013.05.18"]

1. e4 e5 2. Nf3 Nf6 3. Nxe5 d6 4. Nf3 Nxe4 5. d4 d5 6. Bd3 Bd6 7. O-O O-O 8.
Re1 Re8 9. c4 c6 10. Nc3 Nxc3 11. bxc3 Bg4 12. Bg5 Rxe1+ 13. Qxe1 f6 14. Bh4
Qd7 15. Rb1 b6 16. Qe3 Qe6 17. cxd5 Qxe3 18. fxe3 cxd5 19. c4 Be6 20. cxd5 Bxd5
21. e4 Bb7 22. e5 fxe5 23. Nxe5 Bxe5 24. dxe5 Nd7 25. Bc4+ Kh8 26. Re1 Bc6 27.
e6 Nf6 28. Bxf6 gxf6 29. e7 Kg7 30. Rd1 Re8 31. Rd6 Ba4 32. Re6 Bd7 33. Re3 f5
34. Ra3 a5 35. Rb3 Rxe7 36. Rxb6 Be8 37. Bb5 Re1+ 38. Kf2 Rb1 39. Rb7+ Kf6 40.
Rb6+ Ke5 41. Bxe8 Rxb6 42. Bf7 a4 43. Ke3 Rb2 44. Kf3 Kd4 45. Bg8 h6 46. Be6
Kc3 47. h4 Kb4 48. Bxf5 Rxa2 49. g4 a3 50. Be6 Rb2 51. Kf4 Rb3 52. Kf5 a2 53.
Bxb3 Kxb3 54. Kg6 a1=Q 55. Kxh6 Qf6+ 56. Kh5 Kc4 57. g5 Qg7 58. g6 Kd5 59. Kg5
Ke6 60. h5 Qe5+ 61. Kh6 Kf6 0-1

[Event "DEM U12/U12w 2013"]
[Site "Oberhof GER"]
[Date "2013.05.25"]
[Round "11"]
[White "Engel, Johann"]
[Black "Mönster, Madita"]
[Result "1-0"]
[Termination "normal"]
[Board "19"]
[WhiteElo "1650"]
[BlackElo "1503"]
[PlyCount "87"]
[WhiteFideId "12920509"]
[BlackFideId "12947156"]
[EventCountry "GER"]
[EventRounds "11"]
[EventType "swiss"]
[EventDate "2013.05.18"]

1. d4 Nf6 2. Nf3 g6 3. Bf4 Bg7 4. e3 d6 5. c3 O-O 6. Bc4 b6 7. O-O Bb7 8. Nbd2
c5 9. Re1 Nbd7 10. e4 Nh5 11. Be3 Nhf6 12. d5 Ng4 13. Bg5 Nge5 14. Be2 a6 15.
a4 Rb8 16. Nc4 Nxc4 17. Bxc4 Bc8 18. Qd3 Ra8 19. h3 Ne5 20. Nxe5 Bxe5 21. f4
Bg7 22. Bh4 Qc7 23. Bg3 Kh8 24. e5 Re8 25. Qe2 Qd8 26. Bh4 Bh6 27. exd6 Bd7 28.
dxe7 Qc8 29. d6 Kg8 30. Bd5 Rb8 31. Qc4 Be6 32. Bxe6 fxe6 33. Qxe6+ Qxe6 34.
Rxe6 Rb7 35. Rd1 Rd7 36. Bg3 Kf7 37. Re4 Kg8 38. Bf2 Bg7 39. a5 bxa5 40. Bxc5
Bh6 41. Ra1 Kf7 42. Rxa5 Rc8 43. Rxa6 Rb8 44. Ra7 1-0

[Event "DEM U12/U12w 2013"]
[Site "Oberhof GER"]
[Date "2013.05.25"]
[Round "11"]
[White "Acikel, Mert"]
[Black "Simon, Tim"]
[Result "1-0"]
[Termination "normal"]
[Board "20"]
[WhiteElo "1727"]
[BlackElo "1640"]
[PlyCount "71"]
[WhiteFideId "12956465"]
[BlackFideId "12971740"]
[EventCountry "GER"]
[EventRounds "11"]
[EventType "swiss"]
[EventDate "2013.05.18"]

1. e4 e6 2. d4 d5 3. Nd2 Nf6 4. e5 Nfd7 5. Bd3 c5 6. c3 Nc6 7. Ne2 cxd4 8. cxd4
f6 9. exf6 Nxf6 10. O-O Bd6 11. Nf3 O-O 12. Bd2 e5 13. dxe5 Nxe5 14. Nxe5 Bxe5
15. Nc3 Bg4 16. Qb3 b6 17. h3 Be6 18. Rfe1 Qb8 19. Re2 Re8 20. Qc2 Bf7 21. Bg5
Qd6 22. Bxf6 Qxf6 23. Bxh7+ Kf8 24. Bd3 Rac8 25. Rc1 d4 26. f4 Bxf4 27. Rxe8+
Bxe8 28. Rf1 dxc3 29. g3 Qd4+ 30. Kh2 Kg8 31. Rxf4 Qd6 32. Bc4+ Rxc4 33. Rxc4
Bg6 34. Qxc3 Qe6 35. Rd4 a6 36. Qc4 1-0

[Event "DEM U12/U12w 2013"]
[Site "Oberhof GER"]
[Date "2013.05.25"]
[Round "11"]
[White "Müller, Elias"]
[Black "Liebeck, Eddie"]
[Result "0-1"]
[Termination "normal"]
[Board "21"]
[WhiteElo "1674"]
[BlackElo "1726"]
[PlyCount "100"]
[WhiteFideId "12917133"]
[BlackFideId "12945854"]
[EventCountry "GER"]
[EventRounds "11"]
[EventType "swiss"]
[EventDate "2013.05.18"]

1. e4 e5 2. Nc3 Nf6 3. g3 Nc6 4. Bg2 Bc5 5. Nge2 d6 6. Na4 Bb6 7. Nxb6 axb6 8.
O-O Be6 9. d4 Bc4 10. dxe5 dxe5 11. Qxd8+ Rxd8 12. Re1 Bxe2 13. Rxe2 Rd1+ 14.
Bf1 Nd4 15. Kg2 Nxe2 16. Bxe2 Rd8 17. Bg5 h6 18. Bxf6 gxf6 19. Bd3 Ke7 20. Kf3
c6 21. h3 c5 22. Ke3 Rc8 23. Bc4 Rcd8 24. Bd5 Rd7 25. c4 Ra8 26. a4 Ra7 27. b3
Ra8 28. Rd1 Rg8 29. Rd3 h5 30. h4 Rg4 31. Ke2 f5 32. exf5 Kf6 33. Ke3 Kxf5 34.
f3 Rd4 35. Rxd4 exd4+ 36. Kd3 Kf6 37. Be4 Ke5 38. g4 hxg4 39. fxg4 Kf4 40. Bf5
Re7 41. h5 Kg5 42. Kc2 Re2+ 43. Kc1 Rf2 44. Bc8 f5 45. gxf5 Rxf5 46. Bxb7 Rf2
47. b4 cxb4 48. a5 bxa5 49. c5 Rf5 50. c6 Rc5+ 0-1

[Event "DEM U12/U12w 2013"]
[Site "Oberhof GER"]
[Date "2013.05.25"]
[Round "11"]
[White "Petersen, Marcel"]
[Black "Hoffmann, Fabian"]
[Result "0-1"]
[Termination "normal"]
[Board "22"]
[WhiteElo "1582"]
[BlackElo "1650"]
[PlyCount "106"]
[WhiteFideId "12935670"]
[BlackFideId "12964891"]
[EventCountry "GER"]
[EventRounds "11"]
[EventType "swiss"]
[EventDate "2013.05.18"]

1. e4 e5 2. Nf3 Nc6 3. Bc4 Bc5 4. c3 Nf6 5. d3 a6 6. Bb3 h6 7. O-O O-O 8. Be3
Ba7 9. Nbd2 d6 10. Re1 Be6 11. Nf1 Re8 12. Ng3 Qd7 13. Nh4 d5 14. f3 d4 15. Bf2
Rad8 16. c4 Ne7 17. a4 a5 18. Qd2 Bb6 19. f4 exf4 20. Qxf4 Ng6 21. Nxg6 fxg6
22. h3 Rf8 23. Qd2 c5 24. Bd1 Bc7 25. e5 Nh7 26. Ne4 b6 27. g4 Rf7 28. Bg3 Rdf8
29. b3 Bd8 30. Nd6 Bg5 31. Qe2 Be3+ 32. Kg2 Qc6+ 33. Ne4 Ng5 34. Bc2 h5 35. Rf1
Nxh3 36. Rxf7 Rxf7 37. Rf1 Rxf1 38. Qxf1 Bxg4 39. Kh2 Ng5 40. Nxg5 Bxg5 41. Bd1
Bxd1 42. Qxd1 Qe6 43. Qe2 h4 44. Bf2 Bf4+ 45. Kg1 h3 46. Qf3 h2+ 47. Kh1 Qxe5
48. Qb7 Qe2 49. Qc8+ Kh7 50. Qh3+ Qh5 51. Bh4 Bg5 52. Qg2 Qxh4 53. Qe2 Qg3 0-1

[Event "DEM U12/U12w 2013"]
[Site "Oberhof GER"]
[Date "2013.05.25"]
[Round "11"]
[White "Ott, Josef Sebastian"]
[Black "Arnhold, Steffi"]
[Result "1-0"]
[Termination "normal"]
[Board "23"]
[WhiteElo "1600"]
[BlackElo "1273"]
[PlyCount "67"]
[WhiteFideId "12952079"]
[BlackFideId "12931365"]
[EventCountry "GER"]
[EventRounds "11"]
[EventType "swiss"]
[EventDate "2013.05.18"]

1. e4 c5 2. Nc3 Nc6 3. f4 g6 4. Nf3 Bg7 5. Bc4 e6 6. O-O Nge7 7. d3 O-O 8. Qe1
d5 9. Bb3 Nd4 10. Ne2 b5 11. Nexd4 cxd4 12. a3 Bb7 13. e5 Nc6 14. Qf2 f6 15.
Nxd4 Nxd4 16. Qxd4 fxe5 17. fxe5 Rxf1+ 18. Kxf1 Qf8+ 19. Kg1 Qf5 20. Bf4 Rf8
21. Bg3 a6 22. c4 dxc4 23. dxc4 bxc4 24. Bxc4 Re8 25. Rf1 Qc2 26. Bxe6+ Kh8 27.
Bh3 Qe2 28. Qd7 Qb5 29. Qxb5 axb5 30. Re1 Kg8 31. Bd7 Re7 32. Bxb5 Bd5 33. b4
Be6 34. a4 1-0

[Event "DEM U12/U12w 2013"]
[Site "Oberhof GER"]
[Date "2013.05.25"]
[Round "11"]
[White "Perekhozhuk, Maksym"]
[Black "Recktenwald, Cedric"]
[Result "1/2-1/2"]
[Termination "normal"]
[Board "25"]
[WhiteElo "1749"]
[BlackElo "1042"]
[PlyCount "98"]
[WhiteFideId "12914860"]
[BlackFideId "12971928"]
[EventCountry "GER"]
[EventRounds "11"]
[EventType "swiss"]
[EventDate "2013.05.18"]

1. e4 e5 2. Nf3 Nc6 3. Bc4 Nf6 4. d3 Bc5 5. c3 d6 6. O-O O-O 7. Nbd2 a6 8. Bb3
Ne7 9. h3 Ng6 10. Re1 Re8 11. Nf1 h6 12. Ng3 Be6 13. d4 Bxb3 14. Qxb3 exd4 15.
cxd4 Bb6 16. Bd2 Re7 17. Bc3 d5 18. e5 Nh7 19. Rac1 Nhf8 20. Nf5 Re8 21. Ng3
Ne7 22. Rcd1 c6 23. Bb4 Nfg6 24. Bd6 Ra7 25. Qc2 Bc7 26. Ba3 Qd7 27. Rc1 Raa8
28. Nd2 Nf4 29. Nb3 Ne6 30. Red1 Rac8 31. Nf5 Nxf5 32. Qxf5 Bd8 33. Rc3 Be7 34.
Bxe7 Qxe7 35. Rg3 Ng5 36. Re3 Qe6 37. Qxe6 Nxe6 38. Na5 b6 39. Nb7 Re7 40. Nd6
Rd8 41. Rc3 Rc7 42. Nf5 Nf4 43. Kf1 Kh7 44. Rdc1 c5 45. dxc5 d4 46. Rc4 bxc5
47. Rxc5 Rxc5 48. Rxc5 d3 49. Rc1 Rd5 1/2-1/2

[Event "DEM U12/U12w 2013"]
[Site "Oberhof GER"]
[Date "2013.05.25"]
[Round "11"]
[White "Wurst, Maximilian"]
[Black "Enache, Rares"]
[Result "0-1"]
[Termination "normal"]
[Board "26"]
[WhiteElo "1332"]
[BlackElo "1628"]
[PlyCount "52"]
[WhiteFideId "12971812"]
[BlackFideId "12976440"]
[EventCountry "GER"]
[EventRounds "11"]
[EventType "swiss"]
[EventDate "2013.05.18"]

1. e4 d5 2. exd5 Qxd5 3. Nc3 Qa5 4. d4 c6 5. Nf3 Nf6 6. Bd2 Qc7 7. Bc4 Bf5 8.
Bb3 e6 9. Bg5 Nbd7 10. Qe2 Bb4 11. Bd2 Bd6 12. h3 O-O-O 13. O-O-O Rhe8 14. g4
Bg6 15. Nh4 e5 16. Be3 exd4 17. Rxd4 Bc5 18. Rdd1 Bxe3+ 19. fxe3 Re7 20. Rhf1
Qg3 21. Nxg6 hxg6 22. Rf3 Qe5 23. Qc4 Qg5 24. Qd4 c5 25. Qd3 Rde8 26. Re1 Ne5
0-1

[Event "DEM U12/U12w 2013"]
[Site "Oberhof GER"]
[Date "2013.05.25"]
[Round "11"]
[White "Steffens, Oliver"]
[Black "Köhler, Inken"]
[Result "1/2-1/2"]
[Termination "normal"]
[Board "27"]
[WhiteElo "1432"]
[BlackElo "1527"]
[PlyCount "59"]
[WhiteFideId "12947148"]
[BlackFideId "12929301"]
[EventCountry "GER"]
[EventRounds "11"]
[EventType "swiss"]
[EventDate "2013.05.18"]

1. e4 e5 2. Nf3 Nc6 3. Bb5 Bc5 4. O-O Qf6 5. d3 h6 6. Nc3 a6 7. Nd5 Qd6 8. Bc4
Nge7 9. Re1 O-O 10. c3 b5 11. Bb3 Bb7 12. d4 exd4 13. cxd4 Bb4 14. e5 Qg6 15.
Bc2 Nxd5 16. Bxg6 Bxe1 17. Bxf7+ Rxf7 18. Qxe1 Raf8 19. Bd2 Nf4 20. Bxf4 Rxf4
21. Rd1 Ne7 22. Rd3 Bxf3 23. gxf3 Rxf3 24. Rxf3 Rxf3 25. Kg2 Rd3 26. Qe4 Rd2
27. e6 dxe6 28. Qxe6+ Kf8 29. Qxa6 Rxb2 30. d5 1/2-1/2

[Event "DEM U12/U12w 2013"]
[Site "Oberhof GER"]
[Date "2013.05.25"]
[Round "11"]
[White "Lellek, Lewin Louis"]
[Black "Rieß, Alexander"]
[Result "0-1"]
[Termination "normal"]
[Board "28"]
[WhiteElo "1276"]
[BlackElo "1605"]
[PlyCount "140"]
[WhiteFideId "12971820"]
[BlackFideId "12953326"]
[EventCountry "GER"]
[EventRounds "11"]
[EventType "swiss"]
[EventDate "2013.05.18"]

1. e4 c5 2. Nf3 d6 3. d4 cxd4 4. Nxd4 Nf6 5. Nc3 a6 6. Be3 e5 7. Nb3 Be7 8. f3
O-O 9. Qd2 Be6 10. O-O-O a5 11. a3 a4 12. Na1 Qc7 13. g4 Rd8 14. Bg5 Qa5 15.
Bxf6 Bxf6 16. h4 Nc6 17. Nb5 Qb6 18. g5 Be7 19. h5 d5 20. g6 h6 21. gxf7+ Bxf7
22. Qg2 dxe4 23. Be2 Bg5+ 24. Kb1 exf3 25. Qxf3 Nd4 26. Nxd4 Rxd4 27. Rhf1 Rf8
28. Qg3 Qe6 29. b3 Rfd8 30. Qf3 Rxd1+ 31. Rxd1 Rxd1+ 32. Bxd1 e4 33. Qc3 e3 34.
Be2 Bf6 35. Qb4 Qc6 36. Bd1 Qh1 37. Qd6 e2 38. Kc1 exd1=Q+ 39. Qxd1 Qxd1+ 40.
Kxd1 Bxh5+ 41. Kd2 Bxa1 42. bxa4 Bg6 43. c4 Be8 44. a5 Bc6 45. Kd3 Bb2 46. c5
h5 47. Kc4 h4 48. Kb3 h3 49. Kxb2 h2 50. Kb3 Kf7 51. Kb4 h1=Q 52. a6 Qe4+ 53.
Ka5 Qa4+ 54. Kb6 Qxa6+ 55. Kc7 Bh1 56. a4 Ke7 57. a5 Qxa5+ 58. Kb8 b6 59. c6
Qa6 60. Kc7 Qc8+ 61. Kxc8 Bxc6 62. Kc7 b5 63. Kxc6 b4 64. Kd5 b3 65. Ke5 b2 66.
Kf5 b1=Q+ 67. Kg5 Qf1 68. Kg6 Ke6 69. Kh7 Kf7 70. Kh8 Qh1# 0-1

[Event "DEM U12/U12w 2013"]
[Site "Oberhof GER"]
[Date "2013.05.25"]
[Round "11"]
[White "Fromm, Katja"]
[Black "Shoipov, Dennie"]
[Result "0-1"]
[Termination "time forfeit"]
[Board "29"]
[WhiteElo "1546"]
[BlackElo "1816"]
[PlyCount "64"]
[WhiteFideId "12929409"]
[BlackFideId "14137755"]
[EventCountry "GER"]
[EventRounds "11"]
[EventType "swiss"]
[EventDate "2013.05.18"]

1. d4 d5 2. c4 e6 3. Nc3 Nf6 4. Nf3 Be7 5. e3 O-O 6. Bd3 b6 7. O-O Bb7 8. h3
Nbd7 9. Re1 c5 10. b3 Rc8 11. Bb2 Ne4 12. Nd2 Ndf6 13. Qc2 Nxd2 14. Qxd2 Qd7
15. Qc2 Qc6 16. f3 h6 17. Rac1 Nh5 18. Qf2 f5 19. a4 Qe8 20. Kh1 Bd6 21. Ne2
Qg6 22. g4 Nf6 23. Rg1 Qf7 24. gxf5 exf5 25. Bxf5 Rce8 26. cxd5 Bxd5 27. e4
Nxe4 28. Qg2 Ng5 29. Bg4 Nxf3 30. Bxf3 Bxf3 31. dxc5 Bxg2+ 32. Rxg2 Be5 0-1

[Event "DEM U12/U12w 2013"]
[Site "Oberhof GER"]
[Date "2013.05.25"]
[Round "11"]
[White "Laubrock, Paul"]
[Black "Möller, Lisa-Marie"]
[Result "1-0"]
[Termination "normal"]
[Board "30"]
[WhiteElo "1671"]
[BlackElo "1492"]
[PlyCount "77"]
[WhiteFideId "1270509"]
[BlackFideId "12959367"]
[EventCountry "GER"]
[EventRounds "11"]
[EventType "swiss"]
[EventDate "2013.05.18"]

1. d4 Nf6 2. e3 d5 3. Bd3 e6 4. Nd2 c5 5. c3 Nc6 6. f4 Be7 7. Ngf3 O-O 8. Ne5
Qc7 9. O-O b6 10. g4 Bb7 11. Qf3 Nd7 12. Qh3 Nf6 13. g5 Nxe5 14. dxe5 Ne4 15.
Qh5 g6 16. Qh4 h5 17. Be2 Kg7 18. Nxe4 dxe4 19. b3 Rad8 20. Qe1 Rd7 21. Bb2
Rfd8 22. c4 a6 23. b4 Bc6 24. f5 gxf5 25. Bxh5 Rh8 26. Be2 Kg6 27. Bc3 Bf8 28.
Qg3 Kh7 29. Kf2 Rg8 30. Rh1 Be7 31. Rag1 b5 32. Qf4 Qd8 33. Bh5 Rg7 34. Bxf7
Rxf7 35. g6+ Kg7 36. gxf7+ Kxf7 37. Qh6 Bf8 38. Qg6+ Ke7 39. Qf6+ 1-0

[Event "DEM U12/U12w 2013"]
[Site "Oberhof GER"]
[Date "2013.05.25"]
[Round "11"]
[White "Ehmann, Johanna"]
[Black "Ewert, Hannes"]
[Result "0-1"]
[Termination "normal"]
[Board "31"]
[WhiteElo "1350"]
[BlackElo "1678"]
[PlyCount "80"]
[WhiteFideId "12953130"]
[BlackFideId "12961574"]
[EventCountry "GER"]
[EventRounds "11"]
[EventType "swiss"]
[EventDate "2013.05.18"]

1. e4 e6 2. d4 d5 3. e5 c5 4. Nf3 cxd4 5. Nxd4 Nc6 6. Nc3 Nge7 7. Bb5 Bd7 8.
Bf4 a6 9. Ba4 Nxd4 10. Qxd4 Nf5 11. Bxd7+ Qxd7 12. Qa4 b5 13. Qa5 Qb7 14. a4 b4
15. Ne2 Rc8 16. c3 b3 17. O-O Rc5 18. Qb4 Rb5 19. Qxb5+ axb5 20. axb5 Bc5 21.
Ra6 O-O 22. Rfa1 Qxb5 23. Nd4 Nxd4 24. cxd4 Bxd4 25. Ra8 Bxb2 26. Rxf8+ Kxf8
27. Ra8+ Ke7 28. Bg5+ f6 29. exf6+ Bxf6 30. Ra7+ Kd6 31. Bf4+ e5 32. Bg3 b2 33.
h3 b1=Q+ 34. Kh2 Q5f1 35. Bf4 exf4 36. Ra6+ Qxa6 37. g3 fxg3+ 38. Kxg3 Qg6+ 39.
Kf3 Qad3+ 40. Kf4 Be5# 0-1

[Event "DEM U12/U12w 2013"]
[Site "Oberhof GER"]
[Date "2013.05.25"]
[Round "11"]
[White "Wolf, Pablo"]
[Black "Reinecke, Katharina"]
[Result "1/2-1/2"]
[Termination "normal"]
[Board "32"]
[WhiteElo "1506"]
[BlackElo "1608"]
[PlyCount "56"]
[WhiteFideId "12943894"]
[BlackFideId "12929727"]
[EventCountry "GER"]
[EventRounds "11"]
[EventType "swiss"]
[EventDate "2013.05.18"]

1. f4 d5 2. Nf3 Nf6 3. e3 c5 4. b3 Bf5 5. Bb2 e6 6. Bb5+ Nc6 7. O-O Be7 8. d3
O-O 9. Nbd2 Nb8 10. d4 Ne4 11. Be2 Nd7 12. Nxe4 Bxe4 13. Nd2 Bg6 14. Bf3 Nf6
15. Re1 Rc8 16. c4 b6 17. Rc1 dxc4 18. Nxc4 Be4 19. Nd2 Bxf3 20. Nxf3 Nd5 21.
Ba3 Re8 22. dxc5 Bxc5 23. Bxc5 Rxc5 24. Rxc5 bxc5 25. Qd2 Nb4 26. Rd1 Qa5 27.
Qd7 Rf8 28. a4 Nd5 1/2-1/2

[Event "DEM U12/U12w 2013"]
[Site "Oberhof GER"]
[Date "2013.05.25"]
[Round "11"]
[White "Forster, Lukas"]
[Black "Cejda, Cecilia"]
[Result "1/2-1/2"]
[Termination "normal"]
[Board "33"]
[WhiteElo "1494"]
[BlackElo "1335"]
[PlyCount "69"]
[WhiteFideId "12971790"]
[BlackFideId "12921122"]
[EventCountry "GER"]
[EventRounds "11"]
[EventType "swiss"]
[EventDate "2013.05.18"]

1. e4 c5 2. Nf3 e6 3. d4 cxd4 4. Nxd4 Nf6 5. Nc3 Bb4 6. Be3 Nxe4 7. Qd3 Nxc3 8.
bxc3 Be7 9. Be2 Nc6 10. Nb5 d6 11. Rd1 d5 12. c4 a6 13. Nc3 Nb4 14. Qd2 dxc4
15. Bxc4 Qxd2+ 16. Rxd2 b5 17. Be2 O-O 18. Bf3 Rb8 19. Ba7 Bb7 20. Bxb8 Bxf3
21. gxf3 Rxb8 22. O-O Rb6 23. Rfd1 h6 24. a3 Nc6 25. Rd3 Ne5 26. Re3 Nc4 27.
Re4 Bxa3 28. Rd8+ Kh7 29. Rd7 Kg8 30. Rf4 Ne5 31. Rd8+ Kh7 32. Kg2 Bb2 33. Nd1
Ba3 34. c3 a5 35. Ra8 1/2-1/2

[Event "DEM U12/U12w 2013"]
[Site "Oberhof GER"]
[Date "2013.05.25"]
[Round "11"]
[White "Wübker, Paul-Luca"]
[Black "Nguyen, Ha Thanh"]
[Result "1-0"]
[Termination "normal"]
[Board "34"]
[WhiteElo "1479"]
[BlackElo "1570"]
[PlyCount "61"]
[WhiteFideId "12939528"]
[BlackFideId "12942154"]
[EventCountry "GER"]
[EventRounds "11"]
[EventType "swiss"]
[EventDate "2013.05.18"]

1. d4 d5 2. c4 e6 3. Nc3 f5 4. Bf4 Nf6 5. e3 c6 6. Nf3 Be7 7. Bd3 O-O 8. Qc2
Ne4 9. g4 fxg4 10. Ne5 Nf6 11. Rg1 g6 12. Nxg4 Nxg4 13. Rxg4 e5 14. Bh6 Bxg4
15. Bxf8 Bxf8 16. cxd5 cxd5 17. Nxd5 Nc6 18. Bc4 Kh8 19. dxe5 Nb4 20. Qe4 Bf5
21. Qf4 Nc2+ 22. Kf1 Nxa1 23. e4 Bh3+ 24. Ke2 Bg7 25. Nf6 Bxf6 26. exf6 Qe8 27.
f7 Qe7 28. Kf3 Rf8 29. Kg3 Be6 30. Qe5+ Qf6 31. Qxf6# 1-0

[Event "DEM U12/U12w 2013"]
[Site "Oberhof GER"]
[Date "2013.05.25"]
[Round "11"]
[White "Wendler, David"]
[Black "Schulz, Theresa Charlotte"]
[Result "1/2-1/2"]
[Termination "normal"]
[Board "35"]
[WhiteElo "1548"]
[BlackElo "1306"]
[PlyCount "107"]
[WhiteFideId "12938360"]
[BlackFideId "12952206"]
[EventCountry "GER"]
[EventRounds "11"]
[EventType "swiss"]
[EventDate "2013.05.18"]

1. e4 c5 2. Nf3 Nc6 3. d4 cxd4 4. c3 dxc3 5. Nxc3 e6 6. Bc4 Nge7 7. O-O Ng6 8.
Qe2 Bd6 9. g3 O-O 10. Rd1 Bc7 11. Bg5 Qe8 12. Rac1 f6 13. Be3 a6 14. a3 b5 15.
Bb3 Bb7 16. a4 b4 17. Na2 Rc8 18. Qd2 Rf7 19. Bc5 a5 20. Rc2 Nce5 21. Nxe5 Bxe5
22. f3 Bxb2 23. Bxb4 Rxc2 24. Qxc2 axb4 25. Qxb2 Ne5 26. Kg2 Qa8 27. Qd2 Qa5
28. Qxb4 Qxb4 29. Nxb4 Kf8 30. Nd3 Nxd3 31. Rxd3 Ke7 32. Kf2 Rf8 33. Bc4 Ra8
34. Bb5 Bc6 35. Ke3 Bxb5 36. axb5 Rb8 37. Rb3 Kd6 38. Kd4 e5+ 39. Kc4 Rc8+ 40.
Kb4 Rb8 41. Rd3+ Kc7 42. Kc5 g6 43. g4 h5 44. gxh5 gxh5 45. Rd6 Rxb5+ 46. Kxb5
Kxd6 47. Kb4 Ke6 48. Kc5 f5 49. h4 d6+ 50. Kc6 fxe4 51. fxe4 Ke7 52. Kc7 Ke6
53. Kc6 Ke7 54. Kc7 1/2-1/2